书目信息 |
| 题名: |
上海的早晨(第四部)
|
|
| 作者: | 周而复 著 | |
| 分册: | ||
| 出版信息: | 北京 人民文学出版社 |
|
| 页数: | 769页 | |
| 开本: | 32开 | |
| 丛书名: | ||
| 单 册: | ||
| 中图分类: | I247.5 | |
| 科图分类: | ||
| 主题词: | 小说--中国 | |
| 电子资源: | ||
| ISBN: | 7-02-001294-9 | |
| 000 | 00547nam0 2200193 45 | |
| 001 | 0009282072 | |
| 005 | 20000928202905.9 | |
| 010 | @a7-02-001294-9@d27.00元 | |
| 100 | @a20000928d km y0chiy0120 ea | |
| 101 | 0 | @achi |
| 105 | @a z 000yy | |
| 200 | 1 | @a上海的早晨(第四部)@AShang Hai De Zao Chen(Di Si Bu)@f周而复 著@FZhou Er Fu Zhu |
| 210 | @a北京@c人民文学出版社 | |
| 215 | @a769页@d32开 | |
| 606 | 0 | @a小说@x中国 |
| 690 | @aI247.5@v3 | |
| 701 | 0 | @a周而复@4著 |
| 801 | @aCN@bPftUser@c20000928 | |
| 905 | @b158851-855@dI247.5@eZH239:4/1@f5 | |
| 上海的早晨(第四部)/周而复 著.-北京:人民文学出版社 |
| 769页;32开 |
| ISBN 7-02-001294-9:27.00元 |
| ● |
| 相关链接 |
|
|
|
正题名:上海的早晨(第四部)
索取号:I247.5/ZH239:4/1
 
预约/预借
| 序号 | 登录号 | 条形码 | 馆藏地/架位号 | 状态 | 备注 |
| 1 | 158851 | 201588512 | 文学库108/108文学库 42排9列2层/ [索取号:I247.5/ZH239:4/1] | 在馆 | |
| 2 | 158852 | 201588521 | 文学库108/ [索取号:I247.5/ZH239:4/1] | 在馆 | |
| 3 | 158853 | 201588530 | 文学库108/108文学库 42排9列1层/ [索取号:I247.5/ZH239:4/1] | 在馆 | |
| 4 | 158854 | 201588549 | 文学库108/108文学库 42排9列1层/ [索取号:I247.5/ZH239:4/1] | 在馆 | |
| 5 | 158855 | 201588558 | 文学库108/108文学库 42排9列2层/ [索取号:I247.5/ZH239:4/1] | 在馆 |